LDR 00775naa#a2200169#i#450# 001 EN\\bibl\122182 005 20260430060117.4 011 ## _a2074-1626 100 ## _a20260416b2026####ek#y0engy0150####ca 102 ## _aRU 200 1# _aLEGISLATION IN THE FIELD OF FIRE SAFETY OF THE RUSSIAN STATE: INSTITUTIONALIZATION OF SOCIAL PRACTICES AND CONTINUITY OF TRADITIONS _eJournal article 210 1# _aSaint-Petersburg _cSaint-Petersburg University of State Fire Service of Emercom of Russia _d2026 215 ## _a7 с. 608 ## _aJournal article _2local 675 ## _aСоставление, редактирование сборников правовых норм. Систематизация правовых норм. 340.136 _z 700 #1 _aTitova _gElizaveta Andreevna 856 4# _ajournals.igps.ru _u